Pennsylvania's original 6 counties - Statistics

General Stats
  • This quiz has been taken 24 times
  • The average score is 4 of 6
Answer Stats
Answer % Correct
Philadelphia
90%
Chester
76%
Bucks
67%
Kent Lower County
52%
New Castle Lower County
52%
Sussex Lower County
43%
No matching quizzes found
Score Distribution
Percent of People with Each Score
Percentile by Number Answered
Your Score History
You have not taken this quiz